<?xml version="1.0" encoding="UTF-8"?><?xml-stylesheet type="text/xsl" href="static/style.xsl"?><OAI-PMH xmlns="http://www.openarchives.org/OAI/2.0/" xmlns:xsi="http://www.w3.org/2001/XMLSchema-instance" xsi:schemaLocation="http://www.openarchives.org/OAI/2.0/ http://www.openarchives.org/OAI/2.0/OAI-PMH.xsd"><responseDate>2026-04-27T14:40:07Z</responseDate><request verb="GetRecord" identifier="oai:uvadoc.uva.es:10324/65532" metadataPrefix="marc">https://uvadoc.uva.es/oai/request</request><GetRecord><record><header><identifier>oai:uvadoc.uva.es:10324/65532</identifier><datestamp>2025-03-07T08:45:49Z</datestamp><setSpec>com_10324_1134</setSpec><setSpec>com_10324_931</setSpec><setSpec>com_10324_894</setSpec><setSpec>col_10324_1213</setSpec></header><metadata><record xmlns="http://www.loc.gov/MARC21/slim" xmlns:doc="http://www.lyncode.com/xoai" xmlns:xsi="http://www.w3.org/2001/XMLSchema-instance" xmlns:dcterms="http://purl.org/dc/terms/" xsi:schemaLocation="http://www.loc.gov/MARC21/slim http://www.loc.gov/standards/marcxml/schema/MARC21slim.xsd">
<leader>00925njm 22002777a 4500</leader>
<datafield tag="042" ind1=" " ind2=" ">
<subfield code="a">dc</subfield>
</datafield>
<datafield tag="720" ind1=" " ind2=" ">
<subfield code="a">Casas Requena, Javier</subfield>
<subfield code="e">author</subfield>
</datafield>
<datafield tag="720" ind1=" " ind2=" ">
<subfield code="a">Meana González, Clara</subfield>
<subfield code="e">author</subfield>
</datafield>
<datafield tag="720" ind1=" " ind2=" ">
<subfield code="a">López López, José Ramón</subfield>
<subfield code="e">author</subfield>
</datafield>
<datafield tag="720" ind1=" " ind2=" ">
<subfield code="a">Balsinde Rodríguez, Jesús</subfield>
<subfield code="e">author</subfield>
</datafield>
<datafield tag="720" ind1=" " ind2=" ">
<subfield code="a">Balboa García, María Ángeles</subfield>
<subfield code="e">author</subfield>
</datafield>
<datafield tag="260" ind1=" " ind2=" ">
<subfield code="c">2021</subfield>
</datafield>
<datafield tag="520" ind1=" " ind2=" ">
<subfield code="a">Exposure to Gram-negative bacterial LPS exacerbates host immune responses and may lead to sepsis, a life-threatening condition. Despite its high mortality and morbidity, no drugs specifically directed to treating sepsis are currently available. Using human cell genetic depletion, pharmacological inhibition, live-cell microscopy and organelle-targeted molecular sensors we present evidence that the channel TRPC3 is activated intracellularly during macrophage exposure to LPS and is essential for Ca2+ release from internal stores. In this manner, TRPC3 participates in cytosolic Ca2+ elevations, activation of the transcription factor NF-κB and cytokine upregulation. We also report that TRPC3 is activated by diacylglycerol generated by the phosphatidic acid phosphatase lipin-1. In accord with this, lipin-1-deficient cells exhibit reduced Ca2+ responses to LPS challenge. Finally, pharmacological inhibition of TRPC3 reduces systemic inflammation induced by LPS in mice. Collectively, our study unveils a central component of LPS-triggered Ca2+ signaling that involves intracellular sensing of lipin-1-derived DAG by TRPC3, and opens new opportunities for the development of strategies to treat LPS-driven inflammation.</subfield>
</datafield>
<datafield tag="024" ind2=" " ind1="8">
<subfield code="a">Cellular and Molecular Life Science, 2021, vol. 78, p. 8243-8260.</subfield>
</datafield>
<datafield tag="024" ind2=" " ind1="8">
<subfield code="a">1420-682X</subfield>
</datafield>
<datafield tag="024" ind2=" " ind1="8">
<subfield code="a">https://uvadoc.uva.es/handle/10324/65532</subfield>
</datafield>
<datafield tag="024" ind2=" " ind1="8">
<subfield code="a">10.1007/s00018-021-03999-0</subfield>
</datafield>
<datafield tag="024" ind2=" " ind1="8">
<subfield code="a">8243</subfield>
</datafield>
<datafield tag="024" ind2=" " ind1="8">
<subfield code="a">24</subfield>
</datafield>
<datafield tag="024" ind2=" " ind1="8">
<subfield code="a">8260</subfield>
</datafield>
<datafield tag="024" ind2=" " ind1="8">
<subfield code="a">Cellular and Molecular Life Sciences</subfield>
</datafield>
<datafield tag="024" ind2=" " ind1="8">
<subfield code="a">78</subfield>
</datafield>
<datafield tag="024" ind2=" " ind1="8">
<subfield code="a">1420-9071</subfield>
</datafield>
<datafield tag="245" ind1="0" ind2="0">
<subfield code="a">Lipin-1-derived diacylglycerol activates intracellular TRPC3 which is critical for inflammatory signaling</subfield>
</datafield>
</record></metadata></record></GetRecord></OAI-PMH>